Sociology : and your life with power learning (Record no. 42703)

MARC details
000 -LEADER
fixed length control field 00469nam a2200181Ia 4500
020 ## - INTERNATIONAL STANDARD BOOK NUMBER
ISBN 9781259299568
050 ## - CALL MARK
Classification number HM 586 .S33/
100 ## - STATEMENT OF RESPONSIBILITY--MAIN AUTHOR NAME
Personal name Schaefer, Richard T. & Robert S. Feldman
245 #0 - TITLE STATEMENT
Title Sociology : and your life with power learning
250 ## - EDITION / VOLUME STATEMENT
Edition / Volume statement 1st ed.
260 ## - PUBLICATION, DISTRIBUTION, ETC. (IMPRINT)
Place of publication New York
260 ## - PUBLICATION, DISTRIBUTION, ETC. (IMPRINT)
Name of publisher McGhee-Hill Education
260 ## - PUBLICATION, DISTRIBUTION, ETC. (IMPRINT)
Year of publication 2016
650 ## - SUBJECT ADDED ENTRY--TOPICAL TERM
Topical Term New York
942 ## - ADDED ENTRY ELEMENTS (KOHA)
Koha item type Books

No items available.